Statistics for Eurovision Song Lyrics - Croatia

Click here to take the quiz!

General Stats

  • This quiz has been taken 13 times
  • The average score is 168 of 212

Answer Stats

Answer% Correct
A,
100%
(A,
100%
b,
100%
c,
100%
ć,
100%
č,
100%
đ)
100%
đ
100%
d,
100%
đ,
100%
E,
100%
f,
100%
g,
100%
i,
100%
j,
100%
k,
100%
l,
100%
m,
100%
r,
100%
s,
100%
š,
100%
t,
100%
u,
100%
u
100%
h,
91%
lj,
91%
(Mama,
91%
mama
91%
mama,
91%
Mama,
91%
Mama
91%
O,
91%
p,
91%
šč
91%
Šč!
91%
z)
91%
z,
91%
ž
91%
kupila
82%
morona,
82%
morona
82%
n,
82%
traktora,
82%
traktora
82%
Traktora
82%
(V,
82%
v,
82%
armagedon,
73%
dž,
73%
idem
73%
ljubila
73%
mali
73%
Mali,
73%
nona,
73%
nona
73%
psihopat
73%
rat)
73%
rat
73%
(Rat,
73%
Trajna-nina,
73%
Krokodilski
64%
nj
64%
podli
64%
Onaj
55%
ja
36%
igrat'
27%
se
27%
idemo
18%
oprez)
0%
oprez,
0%
(R-r-rat,
0%

Score Distribution

Percentile by Number Answered

Percent of People with Each Score

Your Score History

You have not taken this quiz